000 00975cam a2200241 4500
008 000000n2000 000 0 eng u
020 _a0750630930
035 _a(Sirsi) u105594
050 _a658.99
100 _aBennett, John
245 _aConstruction: the third way managing co-operation and competition in construction
260 _aOxford
_bButterworth-Heinemann
_c2000
300 _axi, 180p. ; 25cm.
350 _a19.99
520 _aConstruction - The Third Way describes current best practice in managing construction. It is based on case studies of leading practices responding to the demand from customers that construction match the value and quality that international competition forces them to achieve in their own businesses.
650 _aBEST PRACTICE
650 _aMANAGEMENT
650 _aBENCHMARKING
650 _aMANAGEMENT-PROJECT MANAGEMENT
650 _aPARTNERING
690 _aBUILDING AND CONSTRUCTION-MANAGEMENT
942 _n0
999 _c100432
_d100432